LDR 00913naa#a2200193#i#450# 001 RU\\bibl\124371 005 20260603080029.3 011 ## _a2223-4608 100 ## _a20260529b2026####ek#y0rusy0150####ca 102 ## _aRU 200 1# _aПрименение ультразвука для обработки полимерных композиционных материалов _eЖурнальная статья 210 1# _aБрянск _cБрянский государственный технический университет _d2026 215 ## _a7 с. 608 ## _aЖурнальная статья _2local 675 ## _aСоединение металлов с металлами. 621.792.3 _z 700 #1 _aСундуков _gСергей Константинович 700 #1 _aНечай _gАлександр Андреевич 700 #1 _aРахматулаев _gАртём Анатольевич 856 4# _anaukaru.ru _u